000 00449nam a2200169 a 4500
001 5424
003 CO-ViMGA
008 141112s2004 ck r 000 u spa d
040 _aCO-ViMGA
_bspa
_cCO-ViMGA
082 0 4 _a863.32 N69a11
100 1 _aCervantes Saavedra, Miguel de
_93986
245 1 0 _aNovelas ejemplares
260 _aSantafé de Bogotá :
_bPanAméricana,
_c1986
300 _a243 p
650 1 4 _aNOVELA ESPAÑOLA
_9488
942 _2ddc
_cBK
999 _c17411
_d17411